| 000 | 01031nam0a22002411 4500 | ||
|---|---|---|---|
| 001 | rc\4688019 | ||
| 005 | 20260408074700.0 | ||
| 021 |
_aRU _bРг5750-62 |
||
| 035 | _a(NLR Aleph) 008427846 | ||
| 090 |
_a9398206 _c9398206 |
||
| 100 | _a20130416d1962 |||y0rusy50 ca | ||
| 101 | 0 | _arus | |
| 102 | _aRU | ||
| 105 | _ay z ||||| | ||
| 200 | 1 |
_aПравила по эксплуатации стальных канатов (тросов) _fГл. упр. пром-сти строит. материалов и строит. деталей. Главмоспромстройматериалы при Мосгорисполкоме |
|
| 210 |
_aМосква _cБ. и. _d1962 |
||
| 215 |
_a4 с. _d20 |
||
| 712 | 0 | 2 |
_aМосковское главное управление промышленности строительных материалов и строительных деталей _3RU\NLR\AUTH\8810066067 _9633759 |
| 801 | 0 |
_aRU _bNLR _gpsbo |
|
| 801 | 1 |
_aRU _bELAR _2rusmarc |
|
| 852 |
_aNLR _j62-4/12314 |
||
| 942 | _cBOOK | ||
| 980 | _aNB | ||